000 00470nam a2200145 4500
999 _c512311
_d512311
008 191118b ||||| |||| 00| 0 eng d
100 _aGeorge, Sobin
_913422
245 _aReconciliations of caste and medical power in rural public health services
260 _bEconomic and Political Weekly
300 _a54(40), 05 Oct, 2019: p.43-50.
650 _aHealth services
_913423
773 _aEconomic and Political Weekly
906 _aPublic health
942 _2ddc
_cAR